| 000 | 00442nam a2200157Ia 4500 | ||
|---|---|---|---|
| 008 | 230917s9999||||xx |||||||||||||| ||und|| | ||
| 040 |
_e79237 _aMAIN |
||
| 041 | _aEnglish | ||
| 082 | _a343.0944 B469M | ||
| 100 | _aBhatnagar, A S | ||
| 245 | 0 | _aMotor accident compensation: law as amended by motor vehicles (amendment) act, 1982 | |
| 250 | _a2nd ed. | ||
| 260 |
_aNew Delhi _bOrient Law House _c1987 |
||
| 300 | _alx, 432 p. | ||
| 942 | _cBK | ||
| 999 |
_c60003 _d60003 |
||